000
00270nam a22001217a 4500
008
181022b xxu||||| |||| 00| 0 eng d
041
_a
eng
080
_a
821
100
_a
21
101
_a
GJL
245
_a
Techniques of Fiction Writing
_c
McGraw, E.J
942
_2
udc
_c
BK
999
_c
50554
_d
50554